Recopilación de Tratados
সংরক্ষণ করুন:
| সংস্থা লেখক: | |
|---|---|
| বিন্যাস: | পাঠ্য |
| প্রকাশিত: |
Bruselas:
CEE
|
| ট্যাগগুলো: |
ট্যাগ যুক্ত করুন
কোনো ট্যাগ নেই, প্রথমজন হিসাবে ট্যাগ করুন!
|
MARC
| LEADER | 00000 a a2200000 04500 | ||
|---|---|---|---|
| 001 | 23278 | ||
| 003 | |||
| 040 | |a CRAI/IIS |c CRAI/IIS | ||
| 020 | |a 92-824-1105-2 | ||
| 090 | |a 161000 | ||
| 110 | |a Unión Europea | ||
| 245 | |a Recopilación de Tratados | ||
| 260 | |a Bruselas: |b CEE | ||
| 300 | |a Tomo I en 2 vol. | ||
| 999 | |c 12506 |d 12506 | ||



